Program XVI. zjazdu KSČ je programom celej spoločnosti Z predvolebných stretnutí kandidátov NF s voličmi. Z vystúpenia súdruha Mikuláša Beňu, Miroslava Čapku, Viliama Šalgoviča, Ladislava Abraháma ; Mikuláš Beňo, Miroslav Čapek, Viliam Šalgovič, Ladislav Abrahám

Bibliographic Details
Main Authors: Beňo, Mikuláš (Author), Čapek, Miroslav, 1927-2008 (Author), Šalgovič, Viliam, 1919-1990 (Author), Abrahám, Ladislav, 1922-2000 (Author)
Format: Article
Language:Slovak
Subjects:

MARC

LEADER 00000nab a2200000 a 4500
001 vtls000084938
003 SK-MaSNL
005 20260303032042.0
008 111103c1981 xo 0 slo
015 |a SNBRB19rr/mm-uuuuu 
035 |a CL0095040 
040 |a SNKBUCL  |b slo  |c SNKBUCL  |e AACR2 
041 0 |a slo 
044 |a xo  |c SK 
080 |a 324  |2 1981 
080 |a 323(100-11)(437)  |2 1981 
245 0 0 |a Program XVI. zjazdu KSČ je programom celej spoločnosti  |b Z predvolebných stretnutí kandidátov NF s voličmi. Z vystúpenia súdruha Mikuláša Beňu, Miroslava Čapku, Viliama Šalgoviča, Ladislava Abraháma ; Mikuláš Beňo, Miroslav Čapek, Viliam Šalgovič, Ladislav Abrahám 
650 0 7 |a voľby  |2 snkbucl  |9 1580 
655 7 |a články z novín a časopisov  |2 snkbucl  |9 267496 
700 1 |a Beňo, Mikuláš  |4 aut  |9 399017 
700 1 |a Čapek, Miroslav,  |d 1927-2008  |4 aut  |9 37703 
700 1 |a Šalgovič, Viliam,  |d 1919-1990  |4 aut  |9 37985 
700 1 |a Abrahám, Ladislav,  |d 1922-2000  |4 aut  |9 195175 
773 0 |t Pravda  |g Roč. 62, č. 114 (16. 5. 1981), s. 1-2 
850 |a Slovenská národná knižnica v Martine  |a MTA001 
852 |a SNK  |b KIS3GCP 
958 |a RK 
992 |a RBX 
999 |c 1661983  |d 1663913